| 000 | 00719nam a22002654a 4500 | ||
|---|---|---|---|
| 001 | UByD003778 | ||
| 003 | AR-LpoUNG | ||
| 005 | 20260112114235.0 | ||
| 008 | 250305s2003 ag 000 e spa d | ||
| 020 | _a9508451262 | ||
| 040 |
_aAR-LpoUNG _bspa _cAR-LpoUNG _eaacr |
||
| 041 | 0 | _aspa | |
| 082 | 0 | _aA864 271arc | |
| 100 | 1 |
_aBarrenechea, Ana María _ecomp. |
|
| 245 | 1 | 0 | _aArchivos de la memoria |
| 250 | _a1ra. ed. | ||
| 260 |
_aRosario : _bBeatriz Viterbo, _c2003. |
||
| 300 | _a143 p. | ||
| 650 | 4 | _aLiteratura | |
| 650 | 4 | _aEnsayo | |
| 650 | 4 | _aAnálisis literario | |
| 650 | 4 | _aLiteratura argentina | |
| 942 |
_2ddc _cLIB |
||
| 999 |
_c66470 _d66470 |
||